Italy Word Chain - Statistics

General Stats
  • This quiz has been taken 12 times
  • The average score is 4 of 15
Answer Stats
Hint Answer % Correct
Rome is ____ City Eternal
100%
One of the seas surrounding Italy Adriatic
58%
Initially a tractor company, founded in 1963 Lamborghini
58%
Glacial lake also known as Lario Como
50%
Europe's highest stratovolcano Etna
50%
Mountain Range known as the backbone of Italy Apennine
25%
Volcanic island in the Gulf of Naples Ischia
25%
Rice based Italian speciality originating around 10th century Arancini
17%
Italian 'City of the headless' Osimo
8%
An Italian liqueur with a distinct scarlet color and herbal flavor Alchermes
0%
Roman Emperor known as 'Restorer of the World' Aurelian
0%
A medieval town in the Piedmont region Ivrea
0%
Pizza originating in 18th century Naples Neapolitan
0%
First Italian to win the Tour de France Ottavio Bottecchia
0%
Two Ancient cave-dwelling districts in Basilicata Sassi di Matera
0%
No matching quizzes found
Score Distribution
Percent of People with Each Score
Percentile by Number Answered
Your Score History
You have not taken this quiz